Index Pseudonymorum (Record no. 167898)

MARC details
000 -LEADER
campo de control de longitud fija 00793nam a2200205 i 4500
001 - NÚMERO DE CONTROL
campo de control 167898
003 - IDENTIFICADOR DE NÚMERO DE CONTROL
campo de control ES-MaACL
005 - FECHA Y HORA DE LA ÚLTIMA TRANSACCIÓN
campo de control 20230906213624.0
008 - DATOS DE LONGITUD FIJA--INFORMACIÓN GENERAL
campo de control de longitud fija 051004s1856 gw | |||||||| ||ger d
040 ## - FUENTE DE CATALOGACIÓN
Centro catalogador/agencia de origen CAM
Lengua de catalogación spa
Centro/agencia transcriptor CAM
100 1# - ENTRADA PRINCIPAL--NOMBRE DE PERSONA
Nombre de persona Weller, Emil.
9 (RLIN) 133903
245 10 - MENCIÓN DEL TÍTULO
Título Index Pseudonymorum
Resto del título : Wörterbuch der Pseudonymen order Verzeichniss aller Autoren, die sich falscher Namen bedienten /
Mención de responsabilidad, etc. von Emil Weller.
260 ## - PUBLICACIÓN, DISTRIBUCIÓN, ETC.
Lugar de publicación, distribución, etc. Leipzig :
Nombre del editor, distribuidor, etc. Verlag von Falcke & Rössler,
Fecha de publicación, distribución, etc. 1856.
300 ## - DESCRIPCIÓN FÍSICA
Extensión X, [2], 281 p. ;
Dimensiones 26 cm.
490 1# - MENCIÓN DE SERIE
Mención de serie Die maskirte Literatur der älteren und neueren Sprach
650 #4 - PUNTO DE ACCESO ADICIONAL DE MATERIA--TÉRMINO DE MATERIA
Término de materia o nombre geográfico como elemento de entrada Seudónimos-
Subdivisión de forma Diccionarios.
9 (RLIN) 136873
830 0# - PUNTO DE ACCESO ADICIONAL DE SERIE-TÍTULO UNIFORME
Título uniforme Die maskirte Literatur der älteren und neueren Sprach
9 (RLIN) 222665
852 ## - LOCALIZACIÓN
Ubicación ES-MaACL
Número de control de estantería G-4636
Nota libre -- Enc. hol.
Holdings
Estatus retirado Estado de pérdida Estado de daño No para préstamo Colección Biblioteca de origen Biblioteca actual Ubicación en estantería Fecha de adquisición Fuente de adquisición Total de préstamos Signatura topográfica completa Código de barras Visto por última vez Precio de reemplazo Tipo de ítem Koha
        Libros del s. XIX Biblioteca del Ateneo de Madrid Biblioteca del Ateneo de Madrid Depósito 2 17/01/2008     G-4636 1176145 23/02/2023 23/02/2023 Libro impreso antiguo